Moral values-3 (Record no. 6126)
[ view plain ]
| 000 -LEADER | |
|---|---|
| fixed length control field | 00211nam a22000857a 4500 |
| 008 - FIXED-LENGTH DATA ELEMENTS--GENERAL INFORMATION | |
| fixed length control field | 170216b xxu||||| |||| 00| 0 eng d |
| 100 ## - MAIN ENTRY--PERSONAL NAME | |
| 9 (RLIN) | 2894 |
| Personal name | Jaganathan |
| 245 ## - TITLE STATEMENT | |
| Title | Moral values-3 |
| 260 ## - PUBLICATION, DISTRIBUTION, ETC. (IMPRINT) | |
| Place of publication, distribution, etc. | New Delhi |
| Name of publisher, distributor, etc. | Rachana |
| Date of publication, distribution, etc. | 2009 |
| Withdrawn status | Lost status | Source of classification or shelving scheme | Damaged status | Koha normalized classification for sorting | Not for loan | Home library | Current library | Shelving location | Date acquired | Total Checkouts | Full call number | Barcode | Date last seen | Price effective from | Koha item type |
|---|---|---|---|---|---|---|---|---|---|---|---|---|---|---|---|
| Dewey Decimal Classification | 170_000000000000000 | Good Samaritan School Library | Good Samaritan School Library | Moral Science | 02/16/2017 | 170 | JAG8303 | 02/16/2017 | 02/16/2017 | BOOK |